[Event "Mittelrhein Verbandsliga-O 1112"]
[Site "Germany"]
[Date "2012.05.20"]
[Round "11"]
[White "Schlicht, Markus"]
[Black "Nagel, Thorsten"]
[Result "0-1"]
[WhiteElo "1920"]
[BlackElo "2001"]
[PlyCount "62"]
[EventDate "2011.09.18"]
[EventType "team-tourn"]
[EventRounds "11"]
[EventCountry "GER"]
[SourceTitle "EXT 2013"]
[Source "ChessBase"]
[SourceDate "2012.11.22"]
[SourceVersion "1"]
[SourceVersionDate "2012.11.22"]
[SourceQuality "1"]
[WhiteTeam "Bruehl III"]
[BlackTeam "Rheinbacher SF"]
[WhiteTeamCountry "GER"]
[BlackTeamCountry "GER"]

1. d4 Nf6 2. c4 e6 3. Nc3 Bb4 4. Qc2 d5 5. e3 0-0 6. Nf3 c5 7. a3 Bxc3+ 8. bxc3 Nbd7 9. Bd3 dxc4 10. Bxc4 b6 11. e4 cxd4 12. cxd4 Bb7 13. Bd3 Rc8 14. Qe2 Re8 15. 0-0 e5 16. dxe5 Nxe5 17. Nxe5 Rxe5 18. Bb2 Re8 19. f3 Nd7 20. Rfd1 Qe7 21. Bb5 Red8 22. Rac1 Rxc1 23. Rxc1 Nc5 24. Qe3 Ba6 25. Bxa6 Nxa6 26. Qc3 Qc5+ 27. Kf1 Qxc3 28. Rxc3 Nc5 29. Bc1 Rd1+ 30. Ke2 Rg1 31. Kf2 Rxc1 0-1

[Event "Mittelrhein Verbandsliga-O 1112"]
[Site "Germany"]
[Date "2012.02.26"]
[Round "7"]
[White "Nagel, Thorsten"]
[Black "Thiemonds, Uli"]
[Result "1/2-1/2"]
[WhiteElo "2001"]
[BlackElo "2101"]
[PlyCount "44"]
[EventDate "2011.09.18"]
[EventType "team-tourn"]
[EventRounds "11"]
[EventCountry "GER"]
[SourceTitle "EXT 2013"]
[Source "ChessBase"]
[SourceDate "2012.11.22"]
[SourceVersion "1"]
[SourceVersionDate "2012.11.22"]
[SourceQuality "1"]
[WhiteTeam "Rheinbacher SF"]
[BlackTeam "Koeln Porz III"]
[WhiteTeamCountry "GER"]
[BlackTeamCountry "GER"]

1. e4 e6 2. d4 d5 3. Nc3 Bb4 4. e5 c5 5. a3 Bxc3+ 6. bxc3 Ne7 7. Nf3 Nbc6 8. Bd3 Bd7 9. dxc5 Qa5 10. Bd2 Qxc5 11. 0-0 Ng6 12. Re1 Na5 13. Qb1 b6 14. Qb4 Rc8 15. Qg4 Nc4 16. Bc1 Ncxe5 17. Nxe5 Nxe5 18. Qxg7 Nxd3 19. Qxh8+ Ke7 20. Bg5+ Kd6 21. Bf4+ Ke7 22. Bg5+ Kd6 1/2-1/2